Everton Best XI - Statistics

General Stats
  • This quiz has been taken 812 times
  • The average score is 6 of 18
Answer Stats
Hint Answer % Correct
LB Baines
80%
GK Southall
76%
ST Dean
57%
CB Jagielka
54%
ST Ferguson
50%
SUB Howard
48%
SUB Cahill
46%
SUB Sharp
44%
CM Reid
36%
SUB Hibbert
30%
CM Osman
24%
SUB Osman
24%
CB Weir
18%
RB Unsworth
16%
SUB Cottee
11%
CM Gravesen
10%
ST Radzinski
4%
SUB Naysmith
2%
No matching quizzes found
Score Distribution
Percent of People with Each Score
Percentile by Number Answered
Your Score History
You have not taken this quiz